Deutscher EM-Kader 2024 - Statistiken

Allgemein
  • Dieses Quiz wurde 4.724 mal gespielt
    3.617 seit der letzten Aktualisierung
  • Das Durchschnittsergebnis liegt bei 21 aus 27
Antwortstatistiken
# Position Spieler % Korrekt
1 Tor Manuel Neuer
100%
10 Mittelfeld Jamal Musiala
95%
17 Mittelfeld Florian Wirtz
94%
2 Abwehr Antonio Rüdiger
93%
6 Abwehr Joshua Kimmich
92%
22 Tor Marc-André ter Stegen
91%
9 Angriff Niclas Füllkrug
91%
8 Mittelfeld Toni Kroos
91%
7 Angriff Kai Havertz
87%
13 Angriff Thomas Müller
87%
4 Abwehr Jonathan Tah
86%
21 Mittelfeld © İlkay Gündoğan
84%
3 Abwehr David Raum
81%
19 Mittelfeld Leroy Sané
81%
12 Tor Oliver Baumann
80%
15 Abwehr Nico Schlotterbeck
79%
18 Abwehr Maximilian Mittelstädt
78%
Cheftrainer Julian Nagelsmann
73%
26 Angriff Deniz Undav
69%
23 Mittelfeld Robert Andrich
69%
25 Mittelfeld Emre Can
67%
5 Mittelfeld Pascal Groß
61%
16 Abwehr Waldemar Anton
54%
11 Mittelfeld Chris Führich
53%
20 Abwehr Benjamin Henrichs
50%
14 Angriff Maximilian Beier
50%
24 Abwehr Robin Koch
50%
Keine übereinstimmenden Quizze gefunden
Verteilung der Resultate
Anzahl Personen mit jedem Resultat
Perzentil nach korrekt beantworteten Fragen
Ihre Resultats-Entwicklung
Sie haben dieses Quiz seit der letzten Aktualisierung nicht gespielt